000 00213nam a2200097Ia 4500
008 190216s9999||||xx |||||||||||||| ||und||
100 _aPuthayoorkulam Bapu
245 0 _aHusnul Jamal
260 _bNull
942 _cBK
999 _c21930
_d21930